Estadísticas para Los fichajes más caros del fútbol - Temporada 2015-2016

Haz click aquí para intentar la prueba.

Estadísticas generales

  • Esta prueba ha sido intentada 38 veces
  • La puntuación promedio es 8 de 11

Estadísticas de respuestas

Coste (M €)NacionalidadÚltimo clubNuevo clubJugador% Correcto
76,00BélgicaVfL WolfsburgoManchester CityKevin De Bruyne
100%
41,00ArgentinaUS PalermoJuventusPaulo Dybala
91%
63,70InglaterraLiverpoolManchester CityRaheem Sterling
91%
63,00ArgentinaManchester UnitedPSGÁngel Di María
88%
60,00FranciaMónacoManchester UnitedAnthony Martial
88%
44,50ArgentinaValencia CFManchester CityNicolás Otamendi
79%
41,00BrasilHoffenheimLiverpoolRoberto Firmino
76%
42,00ColombiaAtlético MadridGZ EvergrandeJackson Martínez
68%
43,00AlemaniaFC Schalke 04VfL WolfsburgoJulian Draxler
44%
46,50BélgicaAston VillaLiverpoolChristian Benteke
32%
50,00BrasilShakhtar D.JS SuningAlex Teixeira
9%

Distribución de puntuación

Porcentaje por número respondido

Porcentaje de gente con cada puntuación

Historial de tus puntuaciones

No has intentado esta prueba.